Ungarn-Quiz - Sudden Death - Statistiken

Allgemein
  • Dieses Quiz wurde 148 mal gespielt
  • Das Durchschnittsergebnis liegt bei 4 aus 10
Answers on the Grid
Answers color-coded by a green-red scale on the quiz's grid according to % correct below.
Dies ist die Flagge Ungarns: 🇭🇺
Die Hauptstadt von Ungarn ist Budapest
Ungarn ist in der Europäischen Union
Ungarn ist Mitglied der Visegrád-Gruppe
In Ungarn zahlt man mit dem Euro
Ungarn ist nicht in der NATO
Das ungarische KFZ-Kennzeichen lautet "HR"
In Ungarn leben mehr Frauen als Männer
Ungarn hat noch nie den ESC gewonnen
Ungarn nahm an der EM 2024 teil
Flächenmäßig ist Ungarn größer als Bulgarien
Ungarn hat mehr Einwohner als Tschechien
Ungarn grenzt an ein Land mit dieser Flagge: 🇵🇱
+36 ist die Vorwahl Ungarns
Ungarn ist kein Binnenstaat
Ungarn hat mindestens eine Stadt mit 1 Million Einwohnern
Gulasch kommt ursprünglich aus Ungarn
Ungarn wird nicht von der Donau durchflossen
Ungarn gehörte zur Sowjetunion
Ungarn liegt in den Alpen
 
Antwortstatistiken
Antwort % Korrekt
Gulasch kommt ursprünglich aus Ungarn
64%
Die Hauptstadt von Ungarn ist Budapest
63%
Ungarn ist in der Europäischen Union
57%
Dies ist die Flagge Ungarns: 🇭🇺
51%
Ungarn hat mindestens eine Stadt mit 1 Million Einwohnern
46%
Ungarn nahm an der EM 2024 teil
34%
Ungarn hat noch nie den ESC gewonnen
27%
In Ungarn leben mehr Frauen als Männer
24%
+36 ist die Vorwahl Ungarns
22%
Ungarn ist Mitglied der Visegrád-Gruppe
18%
Keine übereinstimmenden Quizze gefunden
Verteilung der Resultate
Anzahl Personen mit jedem Resultat
Perzentil nach korrekt beantworteten Fragen
Ihre Resultats-Entwicklung
Sie haben dieses Quiz noch nicht gespielt